Statistics for Missouri Valley Football Conference

Click here to take the quiz!

General Stats

  • This quiz has been taken 18 times
  • The average score is 16 of 20

Answer Stats

HintSchool Name% Correct
4Bison
100%
7Jackrabbits
100%
4North Dakota State
100%
6South Dakota
100%
3Missouri State
92%
7South Dakota State
92%
8Southern Illinois
92%
9Western Illinois
92%
3Bears
77%
2Indiana State
77%
2Sycamores
77%
1Illinois State
69%
5Northern Iowa
69%
10Youngstown State
69%
6Coyotes
62%
9Leathernecks
62%
1Redbirds
62%
8Salukis
62%
5Panthers
54%
10Penguins
46%

Score Distribution

Percentile by Number Answered

Percent of People with Each Score

Your Score History

You have not taken this quiz